UBT Library

Teaching about sexuality and HIV : (Record no. 47280)

000 -LEADER
fixed length control field 00838cam a2200253 a 4500
001 - CONTROL NUMBER
control field 2578622
005 - DATE AND TIME OF LATEST TRANSACTION
control field 20180823081644.0
008 - FIXED-LENGTH DATA ELEMENTS--GENERAL INFORMATION
fixed length control field 960315s1996 nyua b s001 0 eng
010 ## - LIBRARY OF CONGRESS CONTROL NUMBER
LC control number 96013431
020 ## - INTERNATIONAL STANDARD BOOK NUMBER
International Standard Book Number 0814735150 (alk. paper)
020 ## - INTERNATIONAL STANDARD BOOK NUMBER
International Standard Book Number 0814735355 (pbk. : alk. paper)
040 ## - CATALOGING SOURCE
Original cataloging agency DLC
Transcribing agency DLC
Modifying agency DLC
041 ## - LANGUAGE CODE
Language code of text/sound track or separate title eng
043 ## - GEOGRAPHIC AREA CODE
Geographic area code n-us---
080 ## - UNIVERSAL DECIMAL CLASSIFICATION NUMBER
Universal Decimal Classification number 613.907
082 00 - DEWEY DECIMAL CLASSIFICATION NUMBER
Classification number 613.907
Edition number 20
100 1# - Rafti
Rafti 2
101 ## - Shkurtesa
Shkurtesa SHM
245 10 - TITLE STATEMENT
Title Teaching about sexuality and HIV :
Statement of responsibility, etc Evonne Hedgepeth and Joan Helmich.
504 ## - BIBLIOGRAPHY, ETC. NOTE
Bibliography, etc Includes bibliographical references (p. 285-287) and index.
906 ## - LOCAL DATA ELEMENT F, LDF (RLIN)
a 7
b cbc
c orignew
d 1
e ocip
f 19
g y-gencatlg
942 ## - ADDED ENTRY ELEMENTS (KOHA)
Source of classification or shelving scheme
Item type Books
Holdings
Withdrawn status Lost status Source of classification or shelving scheme Damaged status Not for loan Collection code Permanent location Current location Shelving location Date acquired Total Checkouts Full call number Barcode Date last seen Price effective from Koha item type
          Koleksioni i përgjithshem UBT - Lipjan UBT - Lipjan Koleksioni i përgjithshem 08/23/2018   613.907 HEL 002-3012148 08/23/2018 08/23/2018 Books
UBT Library © 2015-2024. All rights reserved University Education for Business and Technology